000 00707nam a2200205Ia 4500
003 GCL
008 140319s9999 xx 000 0 ara d
040 _aGCL /
_cGCL
082 0 4 _a953
_bم ف
100 1 _aمحمد القاضى
245 1 0 _aالفكر الصالحى عند العرب فى عصر النهضة /
_cمحمد القاضى
700 1 _aعبدالله صولة
260 _a[S.N] :
_bدار الجنوب للنشر ،
_c1992
300 _a182 ص
490 _aمفاتيح
_v0
650 0 4 _aالفلسفة الاسلامية
650 0 4 _aالحضارة العربية الاسلامية - المعارف البحرية
650 0 4 _aالثقافة العربية
942 _2ddc
_cBK
999 _c36173
_d36173